Bác Hồ với giáo dục
v.v...
Đã lưu trong:
| Tác giả chính: | |
|---|---|
| Định dạng: | Sách |
| Năm xuất bản: |
H.
Giáo dục
2005
|
| Chủ đề: | |
| Tags: |
Thêm thẻ
Không có thẻ, Hãy là người đầu tiên gắn thẻ bản ghi này!
|
| LEADER | 01138nam a2200205 4500 | ||
|---|---|---|---|
| 999 | |c 11244 |d 11244 | ||
| 082 | |a 335.4346 |b B101H | ||
| 100 | |a Nguyễn Như Ý | ||
| 245 | |a Bác Hồ với giáo dục |c Nguyễn Như Ý, Nguyễn Thị Bình chủ biên, Nguyễn Thị Hường,... | ||
| 260 | |a H. |b Giáo dục |c 2005 | ||
| 300 | |a 309 tr. |c 32 cm. | ||
| 520 | |a v.v... | ||
| 653 | |a Tư tưởng Hồ Chí Minh | ||
| 653 | |a Giáo dục | ||
| 653 | |a Việt Nam | ||
| 942 | |2 ddc |c STK0 | ||
| 952 | |0 0 |1 0 |2 ddc |4 0 |6 335_434600000000000_B101H |7 0 |8 300 |9 96572 |a qbu |b qbu |c D2 |d 2015-10-02 |g 175000 |o 335.4346 B101H |p 10655.c1 |r 0000-00-00 |w 2015-10-02 |y STK0 | ||
| 952 | |0 0 |1 0 |2 ddc |4 0 |6 335_434600000000000_B101H |7 0 |8 300 |9 96573 |a qbu |b qbu |c D2 |d 2015-10-02 |g 175000 |l 2 |o 335.4346 B101H |p 10655.c2 |r 2015-12-23 |s 2015-12-20 |w 2015-10-02 |y STK0 | ||
| 952 | |0 0 |1 0 |2 ddc |4 0 |6 335_434600000000000_B101H |7 0 |8 300 |9 96574 |a qbu |b qbu |c D2 |d 2015-10-02 |g 175000 |l 2 |o 335.4346 B101H |p 10655.c3 |r 2015-11-23 |s 2015-11-19 |w 2015-10-02 |y STK0 | ||
| 952 | |0 0 |1 0 |2 ddc |4 0 |6 335_434600000000000_B101H |7 0 |8 300 |9 113104 |a qbu |b qbu |c D2 |d 2017-09-28 |g 175000 |o 335.4346 B101H |p 10655.c4 |r 2017-09-28 |w 2017-09-28 |y STK0 | ||